Sports Quiz

Random Sports or World Cup Quiz

2018 World Cup Trivia Quiz Stats

Quiz Updated Jun 14, 2018

Challenge
Share
Tweet
Embed
Score 0/21 Timer 06:00
2,451 Plays Today
% Correct
???
47.6%
???
47.3%
???
46.8%
???
46.7%
???
46%
???
43.9%
???
43.6%
???
43%
???
42.1%
???
41.4%
???
41%
% Correct
???
38.7%
???
36.3%
???
36%
???
35.5%
???
35.1%
???
34.8%
???
34.8%
???
32.8%
???
31%
???
29%

You're not logged in!

Compare scores with friends on all Sporcle quizzes.
Join for Free
OR
Log In

You Might Also Like...

Show Comments

Extras

Top Quizzes Today


Score Distribution

Your Account Isn't Verified!

In order to create a playlist on Sporcle, you need to verify the email address you used during registration. Go to your Sporcle Settings to finish the process.

Report this User

Report this user for behavior that violates our Community Guidelines.

Details: